00852nam a2200217 a 450000100100000000500170001000800410002704000250006824500790009326000880017230000210026049000380028150000420031970000310036170000250039270000280041770000280044583000390047395201050051299900170061700003943320201002031640.0130627s1997 dr 000 0 spa d aDO-SdBNPbspacBNPHU00aNaturaleza y fundamentos de la andragogía /cFélix Admas... [et. al.]. aSantiago, República Dominicana :bUniversidad Abierta para Adultos (UAPA),c1997. a140 p. ;c22 cm.1 aCiencias de la Educaciónvno. 3 aIncluye notas al pie de las páginas1 aDíaz, Sebastián9656331 aDíaz, Jaime9656341 aMoreno, Salvador9147971 aAcosta, Mírian965635 0aCiencias de la Educacionn3965636 0010718PDaPDbPDcCTd2013-06-27iLF1l0o p39433-10r2020-06-25w2020-06-25yLFPDZNo se presta c38923d38923